Catálogo
 En Linea

Especificaciones generales para la construcción de caminos y puentes de acuerdo con los proyectos federales de carreteras. (Registro nro. 36685)

Detalles MARC
000 -CABECERA
campo de control de longitud fija 00465nam a2200133 a 4500
001 - NÚMERO DE CONTROL
campo de control 000037195
005 - FECHA Y HORA DE LA ÚLTIMA TRANSACCIÓN
campo de control 20200930080210.0
008 - DATOS DE LONGITUD FIJA--INFORMACIÓN GENERAL
campo de control de longitud fija 120229s1969 mx 000 0 spa d
040 ## - FUENTE DE LA CATALOGACIÓN
Centro catalogador/agencia de origen DO-SdBNP
Lengua de catalogación spa
Centro/agencia transcriptor BNPHU
082 ## - NÚMERO DE LA CLASIFICACIÓN DECIMAL DEWEY
Número de clasificación xxxxx
Número de documento/Ítem E77
245 00 - MENCIÓN DE TÍTULO
Título Especificaciones generales para la construcción de caminos y puentes de acuerdo con los proyectos federales de carreteras.
260 ## - PUBLICACIÓN, DISTRIBUCIÓN, ETC.
Lugar de publicación, distribución, etc. México :
Nombre del editor, distribuidor, etc. Centro regional de ayuda técnica,
Fecha de publicación, distribución, etc. 1969.
300 ## - DESCRIPCIÓN FÍSICA
Extensión 351 p. ;
Dimensiones 21 cm.
Existencias
Estado de retiro Estado de pérdida Restricciones de uso No para préstamo Código de colección Localización permanente Ubicación/localización actual Ubicación en estantería Fecha de adquisición Número de inventario Total de préstamos Signatura topográfica completa Código de barras Fecha visto por última vez Precio válido a partir de Tipo de ítem Koha
        Monografías: Libros y Folletos General General Orden iniciada 29.02.2012 LF1   xxxxx E77 37195-10 25.06.2020 25.06.2020 No se presta

Con tecnología Koha